| 000 | 00417cam a22001337a 4500 | ||
|---|---|---|---|
| 008 | 180718b1966 xxu||||| |||| 00| 0 eng d | ||
| 082 | _aZ44x54 G346 | ||
| 100 | _aGhosal, S.N. | ||
| 245 |
_aAgricultural financing in India, with special reference to land mortgage banks _cby S.N. Ghosal |
||
| 260 |
_aBombay _bAsia _c1966 |
||
| 300 | _a199p. | ||
| 650 | _aMortgage banks --India | ||
| 650 | _aAgricultural credit --India | ||
| 999 |
_c366240 _d366240 |
||